Statistiques concernant Où se trouve cette ville du Monde ? #2

Cliquez ici pour prendre le quiz!

Statistiques générales

  • Ce quiz a été pris 1 544 fois
  • Le résultat moyen est 11 sur 20

Réponses sur la Carte

Les réponses sont colorées sur une échelle allant du rouge au vert en fonction du pourcentage des utilisateurs qui les ont devinées à leur premier essai. Vous pouvez retrouver ces pourcentages ci-dessous.
 

Statistiques - réponses

VilleCarré% Correct
GenèveH3
100%
HelsinkiI2
93%
DétroitD3
90%
CancúnD4
72%
TéhéranJ3
70%
BristolH2
68%
BrisbaneO8
62%
HonoluluA4
61%
MedellínE5
57%
UshuaïaE9
54%
TombouctouH5
49%
KhartoumI5
48%
LuandaI6
37%
SapporoN3
35%
NuukF1
31%
NovossibirskL2
31%
DiliN6
28%
RangounL5
26%
MalaboH6/H5
23%
AdenJ5
18%

Distribution des résultats

Percentile par nombre de réponses

% des personnes avec chaque résultat

Votre développement - résultats

Vous n’avez pas pris ce quiz